Viaszkivitel Velenczébe 1747-ben
Elmentve itt :
| Szerző: | |
|---|---|
| Dokumentumtípus: | Cikk |
| Megjelent: |
1902
|
| Sorozat: | Magyar gazdaságtörténelmi szemle
9 |
| Kulcsszavak: | Közgazdaságtudomány, Gazdaságtörténet |
| Online Access: | http://misc.bibl.u-szeged.hu/735 |
| LEADER | 00595nab a2200169 i 4500 | ||
|---|---|---|---|
| 001 | misc735 | ||
| 005 | 20191106144048.0 | ||
| 008 | 170607s1902 hu o 0|| hun d | ||
| 040 | |a SZTE Miscellanea Repozitórium |b hun | ||
| 041 | |a hun | ||
| 100 | 1 | |a Takáts Sándor | |
| 245 | 1 | 0 | |a Viaszkivitel Velenczébe 1747-ben |h [elektronikus dokumentum] / |c Takáts Sándor |
| 260 | |c 1902 | ||
| 300 | |a 431-432 | ||
| 490 | 0 | |a Magyar gazdaságtörténelmi szemle |v 9 | |
| 695 | |a Közgazdaságtudomány, Gazdaságtörténet | ||
| 856 | 4 | 0 | |u http://misc.bibl.u-szeged.hu/735/1/gazd_tort_szeml_1902_431-432.pdf |z Dokumentum-elérés |